000 00719nam a2200229Ia 4500
003 CO-CtgCURN
005 20250409234253.0
008 190723s9999 xx 000 0 und d
020 _a9586903893
040 _aCO-CtgCURN
_bspa
_ccoctgcurn
082 _a346.015
_bB687u
100 _aBolanos, Ildemar
245 0 _aUnion marital de hecho /
_cIldemar Bolanos
260 _aBogotá, Colombia :
_bLeyer,
_c2002
300 _a211 páginas ;
_c21 centímetros
521 _aAREA PROFESIONAL
590 _aPrograma de Derecho_18
650 _aDerecho de familia
650 _aUnion libre
942 _cBK
_h346.015
_iB687u
_2ddc
_n0
999 _c29077
_d29077